Most Populous Countries that Speak an Indo-European Language - Statistics

General Stats
  • This quiz has been taken 2,853 times
    2,710 since last reset
  • The average score is 20 of 24
Answer Stats
Population Country % Correct
1.380 bil India
98%
67.8 mil United Kingdom
97%
331 mil United States
97%
83.7 mil Germany
96%
145 mil Russia
96%
65.2 mil France
95%
212 mil Brazil
94%
46.7 mil Spain
94%
60.4 mil Italy
93%
128 mil Mexico
93%
220 mil Pakistan
91%
45.1 mil Argentina
89%
37.7 mil Canada
89%
50.8 mil Colombia
87%
37.8 mil Poland
86%
44.7 mil Ukraine
85%
164 mil Bangladesh
83%
83.9 mil Iran
83%
32.9 mil Peru
83%
25.4 mil Australia
80%
28.4 mil Venezuela
80%
38.9 mil Afghanistan
61%
29.1 mil Nepal
45%
21.4 mil Sri Lanka
44%
No matching quizzes found
Score Distribution
Percent of People with Each Score
Percentile by Number Answered
Your Score History
You have not taken this quiz since the last reset